Wild A to Z: Invertebrates - Statistics

General Stats
  • This quiz has been taken 9 times
  • The average score is 13 of 26
Answer Stats
Hint Letter Answer % Correct
Refers to a large group of invertebrates, such as centipedes, millipedes, crustaceans, and insects, characterized by their exoskeletons, jointed legs, and symmetrical, segmented bodies. A Arthropod
100%
These soft beetles, also called lightning bugs, are known for their bioluminescence. F Firefly
78%
A slender, delicate, metallic blue insect with two sets of wings, which lives near the water and feeds on mosquitoes. D Damselfly
67%
These burrowing, segmented roundworms are commonly seen following a heavy rain, and play a major role in soil health as decomposers. They also have five hearts. E Earthworm
67%
Some believe legends of the Kraken to have been inspired by this behemoth of the deep. G Giant squid
67%
These small, sheimp-like crustaceans are a major food source of many different whale species. K Krill
67%
These minuscule creatures sound phoenetically similar to a country in Asia. L Louse
67%
These ancient creatures are over 400 million years old, and, despite their name, are more closely related to spiders and scorpions than crabs. H Horseshoe crab
56%
A cephalopod member of the above, with a large, chambered shell. N Nautilus
56%
These small, pesky creatures, known for burrowing into decaying plant material, live underground and, with the exception of queens and kings, do not have eyes. T Termite
56%
While this word originally referred to hedgehogs, it is now associated with a type of spiny, venomous sea creature. U Urchin
56%
These long-nosed insects are notorious for infesting grains such as rice. W Weevil
56%
A species of social wasps with yellow and black stripes, known for their aggression and tendency to sting. Y Yellowjacket
56%
The larvae of geometer moths are commonly known as this, and are roughly 2.5cm long. I Inchworm
44%
A phylum of aquatic animals that include oysters, clams, snails, and cephalopods. M Mollusca
44%
A round, hard-shelled clam, which is the namesake of a fictional city in Rhode Island. Q Quahog
44%
These marine invertebrates have a symbiotic relationship with animals such as clownfish, which are immune to their stings and find shelter in their many tentacles. S Sea anemone
44%
This group of spiders is known for building large, intricate, circular webs, known as orb webs. O Orb-weaver spider
33%
Easily mistaken for a jellyfish, these organisms are actually colonies of zooids, which work together to form an entity with a gas-filled float and venomous, stinging tentacles. P Portuguese man-o’-war
33%
While these creatures, also known as pill bugs, appear insectoid, they are actually crustaceans. R Roly-poly
33%
These small, red cephalopods have eight tentacles, connected by webbing, and is not a squid or octopus, but belongs to its own order, Vampyromorpha. V Vampire squid
33%
These large, aggressive hornets have black and cream colored stripes, and often dwell in plants such as trumpet vines. Z Zebra hornet
33%
A chemical reaction in this insect’s body lets it spray a boiling hot, caustic chemical spray from its abdomen as a defense mechanism against predators. B Bombardier beetle
22%
The “cigarette snail”, an ornate snail species whose sting is so venomous, one only has time to smoke one last cigarette before they die, is a type of this predatory marine snail. C Cone snail
22%
These metallic green and copper beetles are native to Asia, and have become a significant invasive species in the North American ecosystem. J Japanese beetle
22%
The order of H, named for a Greek weapon. X Xiphosura
22%
No matching quizzes found
Score Distribution
Percent of People with Each Score
Percentile by Number Answered
Your Score History
You have not taken this quiz